| 000 | 00837nam a2200241 a 4500 | ||
|---|---|---|---|
| 001 | BRL_873 | ||
| 005 | 20190320210932.0 | ||
| 008 | 211013s1954----nyua######---#000-0#eng-# | ||
| 041 | _aeng | ||
| 044 | _anyu | ||
| 050 | 4 |
_aE98.A7 _b.C68 1954 |
|
| 100 | 1 |
_aCovarrubias, Miguel _d1904-1957 _918339 |
|
| 245 | 1 | 0 |
_aThe eagle, the jaguar, and the serpent _bIndian art of the Americas : North America : Alaska, Canada, the United States _cMiguel Covarrubias. |
| 260 |
_aNew York _bAlfred A. Knopf _c1954 |
||
| 300 |
_axviii, 314, ix p. _bil., 48 láminas _c27 cm. |
||
| 500 | _aAu991 | ||
| 504 | _aBibliografía: p. 297-314 | ||
| 650 | 1 | 4 |
_aArte indígena _zAmérica del Norte _925201 |
| 650 | 1 | 4 |
_aOrigen del indígena americano _925202 |
| 650 | 1 | 4 |
_aIndígenas de América del Norte _xAntigüedades _925203 |
| 902 | _aGRL | ||
| 942 |
_2lcc _cB |
||
| 999 |
_c9685 _d9685 |
||